| 000 | 00000nam 2200000zi 4500 |
| 001 | 9.926480 |
| 003 | CaOODSP |
| 005 | 20231213144320 |
| 006 | m o d f |
| 007 | cr cn||||||||| |
| 008 | 230823e202309##onc ob f000 0 eng d |
| 020 | |a9780660676050 |
| 040 | |aCaOODSP|beng|erda|cCaOODSP |
| 043 | |an-cn--- |
| 086 | 1 |aJ4-145/2023E-PDF |
| 100 | 1 |aStumpf, Bianca, |eauthor. |
| 245 | 10|aUnderstanding family violence in diverse communities : |bwhat subject-matter experts think family law legal advisers should know / |cprepared by Bianca Stumpf. |
| 264 | 1|aOttawa, ON : |bDepartment of Justice Canada = Ministère de la Justice Canada, |cSeptember 2023. |
| 264 | 4|c©2023 |
| 300 | |a1 online resource (17 pages) |
| 336 | |atext|btxt|2rdacontent |
| 337 | |acomputer|bc|2rdamedia |
| 338 | |aonline resource|bcr|2rdacarrier |
| 500 | |aCover title. |
| 500 | |aIssued also in French under title: Comprendre la violence familiale dans des communautés diverses : ce que les spécialistes en la matière pensent que les conseillers et les conseillères juridiques en droit de la famille doivent savoir. |
| 504 | |aIncludes bibliographical references. |
| 520 | |a"This report summarizes five thought papers written by subject-matter experts to assist family law legal advisers in identifying and responding to family violence in diverse communities. The thought papers focused on the following population groups: racialized groups; 2SLGBTQI+ individuals; Muslim communities; newcomers; and people with disabilities"--Executive summary, page 5. |
| 650 | 0|aFamily violence|zCanada. |
| 710 | 1 |aCanada. |bDepartment of Justice, |eissuing body. |
| 775 | 08|tComprendre la violence familiale dans des communautés diverses : |w(CaOODSP)9.926481 |
| 856 | 40|qPDF|s336 KB|uhttps://publications.gc.ca/collections/collection_2023/jus/J4-145-2023-eng.pdf |
| 856 | 4 |qHTML|sN/A|uhttps://www.justice.gc.ca/eng/rp-pr/jr/ufvdc-cvfcd/index.html |